000 00389 a2200133 4500
245 _aSounds of a cowhide drum
_hprint
020 _a0868520039
650 _aAFRICAN POETRY
005 20191021095307.0
260 _asa
_bAD. Donker
_c1982
084 _aPR6063T856
300 _a92 p.
_b 21 cm.
_c92 p. ; 21 cm.
500 _aMbuyiseni Oswald Mtshali ; foreword by Nadine Gordimer.
999 _c12060
_d12060